Dr Seuss Books - Statistics

General Stats
  • This quiz has been taken 568 times
    540 since last reset
  • The average score is 9 of 13
Answer Stats
Hint Extra Hint Answer % Correct
I do not like them, Sam-I-am. Breakfast Green Eggs and Ham
98%
Then we saw him step in on the mat! We looked! And we saw him! Meow? The Cat in the Hat
95%
Say! What a lot of fish there are. 1F, 2F, RF, BF One fish, two fish, red fish, blue fish.
92%
"Our buildings, to you, would seem terribly small. But to us, who aren't big, they are wonderfully tall." Elephant Horton Hears a Who!
85%
Knox on fox is socks in box. F I S Fox in Socks
77%
I'd saw something pop out of the stump of the tree I'd chopped down. Orange The Lorax
74%
"SILENCE!" the King of the Turtles barked back. "I'm the king, and you're only a turtle named Mack." Yertle Yertle the Turtle
74%
The whole christmas season! Now please don't ask why. No-one quite knows the reason. Green How The Grinch Stole Christmas
70%
My father can read big words, too. Like.... Constantinople and Timbuktu. Hop Hop on Pop
67%
Oh, the wonderful things Mr Brown can do. He can go like a cow. He can go Moo Moo. M B C M! C Y? Mr Brown Can Moo! Can you?
60%
When the Star-Belly sneetches has frankfurter roasts, or picnic or parties or mashmallow toasts. T S The Sneetches
47%
What a fine night for sleeping! From all that I hear. It's the best night for sleeping in many a year. ZzzzZzzz Dr Seuss Sleep Book
20%
Then I was deep in the woods, when, suddenly, I spied them. I saw a pair of pale green pants, with nobody inside them! Scary? W W I S O? What was I scared of?
15%
No matching quizzes found
Score Distribution
Percent of People with Each Score
Percentile by Number Answered
Your Score History
You have not taken this quiz since the last reset